| 000 | 01176cam a2200217 4500 | ||
|---|---|---|---|
| 001 | X120569 | ||
| 008 | 021125n2002 000 0 eng u | ||
| 035 | _a(Sirsi) u120569 | ||
| 245 | _aFreud v Charles Scott Developments (South Devon) Ltd | ||
| 260 | _c2002 | ||
| 490 |
_aProperty, Planning and Compensation Reports _v[2002] 2 P&CR 482-493(12) |
||
| 490 |
_aCourt of Appeal (Civil Division) _v[2002] EWCA Civ 106 |
||
| 520 | _aCA 21 January 2002. Conditional contract for sale of land. Purchaser could apply for planning permission during contract period. 'Planning permission' was defined as grant of permission 'following a planning appeal or appeal on behalf of the purchaser'. The purchaser assigned rights and assignee obtained planning permission. Raises question of whether vendor is bound by agreement to complete transfer of land and whether purchaser as defined in agreement included assignment. | ||
| 650 | _aFREUND V CHARLES SCOTT DEVELOPMENTS (SOUTH DEVON) LTD | ||
| 650 | _aCONDITIONAL CONTRACT | ||
| 650 | _aSALE OF LAND | ||
| 650 | _aPLANNING PERMISSION | ||
| 650 | _aDEFINITION | ||
| 690 | _aPLANNING LAW AND PRACTICE-CASE LAW | ||
| 942 | _n0 | ||
| 999 |
_c71629 _d71629 |
||